Emissions TV #2 - Statistiques

Statistiques générales
  • Ce quiz a été pris 322 fois
  • Le résultat moyen est 15 sur 30
Statistiques - réponses
Hint Réponse % Correct
Agriculteurs, speed dating, "You're Beautiful" L'amour est dans le pré
87%
Magasins, "magnifaik", pièce à shopper Les Reines du shopping
85%
Félindra, clés, trésor Fort Boyard
79%
La Voix, confessionnal, Benjamin Castaldi Secret Story
79%
NRJ 12, Nabilla, Amélie Neten Les Anges de la téléréalité
77%
QCM, l'appel à un ami, Jean-Pierre Foucault Qui veut gagner des millions ?
75%
Camille Combal, valse, M. Pokora Danse avec les stars
74%
Vincent Lagaf', vitrines, estimations Le Juste Prix
71%
Buzzer, Julien Lepers, "4 à la suite" Questions pour un champion
69%
Valérie Damidot, M6, "Our house" D&CO
68%
Robe de mariée, Élodie Villemus, notes Quatre mariages pour une lune de miel
68%
Duo, carré, cash Tout le monde veut prendre sa place
61%
Repas, animation, Afida Turner Un dîner presque parfait
55%
Cyril Féraud, hélicoptères, Rose des Vents La Carte aux trésors
53%
Boîtes, banquier, Arthur À prendre ou à laisser
52%
Stéphane Bern, Napoléon Ier, Jeanne d'Arc Secrets d'Histoire
49%
Laurence Boccolini, "banque", Julien Courbet Le Maillon faible
46%
Canapé rouge, Michel Drucker, France 3 Vivement dimanche
46%
Shirley et Dino, Jeff Panacloc, Patrick Sébastien Le Plus Grand Cabaret du monde
38%
Dominique Chapatte, M6, automobiles Turbo
32%
Bratisla Boys, matin, mégaphone Morning Live
31%
Alessandra Sublet, imitation, Deepfake C'est Canteloup
30%
Matthieu Delormeau, reportages, NRJ 12 Tellement vrai
29%
Georges Pernoud, "Bon vent", mer Thalassa
23%
Jérémy Ferrari, Arnaud Tsamere, Catherine Barma On n'demande qu'à en rire
21%
Pays fictif, zapoï, Emmanuel Micron Groland
20%
Immobilier, "bien préféré", Stéphane Plaza Chasseurs d'appart'
18%
Léa Salamé, Christophe Dechavanne, Philippe Caverivière Quelle époque !
15%
Évelyne Leclercq, célibataires, Simone Garnier Tournez manège !
14%
"Ardiview", « Magnéto, Serge ! », Laurent Baffie Tout le monde en parle
4%
Aucun quiz correspondant
Distribution des résultats
% des personnes avec chaque résultat
Percentile par nombre de réponses
Votre historique - résultats
Vous n’avez pas pris ce quiz